| 000 | 01581nam2a22002291 4500 | ||
|---|---|---|---|
| 001 | v19\rc\1214126 | ||
| 005 | 20250617211027.0 | ||
| 035 | _a(NLR Aleph) 004357620 | ||
| 090 |
_a3333202 _c3333202 |
||
| 100 | _a20060306d1911 |||y0rusy50 ca | ||
| 101 | 0 | _arus | |
| 102 | _aRU | ||
| 105 | _ay z ||||| | ||
| 200 | 0 |
_a... за 1909-1910 учебный год _e41 г. по открытии Училища и 18 г. ... _fМ. П. С. Первое техн. ж.-д. училище... в г. Ельце |
|
| 210 |
_d1911 _aБ. м. |
||
| 215 | _a53 с. | ||
| 461 | 0 |
_1001v19\rc\1214090 _12001#$aОтчет Попечительского совета о состоянии Александровского технического железно-дорожного училища, учрежденного в г. Ельце тайным советником Самуилом Соломоновичем Поляковым...$v... за 1909-1910 учебный год$90 _93332732 _aАлександровское техн. ж.-д. уч-ще (Елец) _cСанкт-Петербург _d1870-1916 _tОтчет Попечительского совета о состоянии Александровского технического железно-дорожного училища, учрежденного в г. Ельце тайным советником Самуилом Соломоновичем Поляковым... _v... за 1909-1910 учебный год$90 |
|
| 801 | 0 |
_aRU _bNLR _gpsbo |
|
| 801 | 1 |
_aRU _bProSoft-M _2rusmarc |
|
| 852 |
_aNLR _j18.160.4.102 |
||
| 942 | _cBOOK | ||
| 980 | _aNB | ||